Zufällige Hauptstadt Asiens zu Land - Statistiken

Allgemein
  • Dieses Quiz wurde 300 mal gespielt
  • Das Durchschnittsergebnis liegt bei 8 aus 10
Antwortstatistiken
Hauptstadt Land % Korrekt
Kabul Afghanistan
100%
Peking China
100%
Neu-Delhi Indien
100%
Jakarta Indonesien
100%
Kuwait-Stadt Kuwait
100%
Kuala Lumpur Malaysia
100%
Pjöngjang Nordkorea
100%
Seoul Südkorea
100%
Taipeh Taiwan
100%
Bangkok Thailand
100%
Ankara Türkei
96%
Singapur Singapur
95%
Teheran Iran
94%
Tokio Japan
94%
Doha Katar
93%
Islamabad Pakistan
93%
Baku Aserbaidschan
92%
Tiflis Georgien
92%
Jerusalem Israel
92%
Dili Osttimor
92%
Manila Philippinen
92%
Malé Malediven
91%
Phnom Penh Kambodscha
90%
Hanoi Vietnam
90%
Bagdad Irak
88%
Amman Jordanien
88%
Riad Saudi-Arabien
88%
Beirut Libanon
87%
Damaskus Syrien
87%
Sri Jayawardenepura Kotte Sri Lanka
86%
Abu Dhabi Vereinigte Arabische Emirate
86%
Sanaa Jemen
85%
Bischkek Kirgisistan
85%
Kathmandu Nepal
83%
Taschkent Usbekistan
83%
Ulaanbaatar Mongolei
80%
Maskat Oman
78%
Manama Bahrain
75%
Jerewan Armenien
73%
Vientiane Laos
70%
Dhaka Bangladesch
69%
Thimphu Bhutan
69%
Duschanbe Tadschikistan
69%
Bandar Seri Begawan Brunei
67%
Aşgabat Turkmenistan
67%
Nikosia Zypern
64%
Naypyidaw Myanmar
54%
Nur-Sultan Kasachstan
53%
Keine übereinstimmenden Quizze gefunden
Verteilung der Resultate
Anzahl Personen mit jedem Resultat
Perzentil nach korrekt beantworteten Fragen
Ihre Resultats-Entwicklung
Sie haben dieses Quiz noch nicht gespielt